000 00516nam a2200181Ia 4500
999 _c14232
_d14232
003 OSt
005 20201027120726.0
008 190216s9999||||xx |||||||||||||| ||und||
020 _a7678300799
040 _coclc
082 _a813.54
_bPIR/L
100 _aPirsig, Robert M
_95415
245 0 _aLila An Inquiry Into Morals /
_cRobert M Pirsig
260 _bBantam Books ,
_c1992.
_aNew York:
300 _a468p
650 _aEnglish Essay
942 _cBK
_2ddc
_h813.54
_iPIR/L
_k813.54
_mPIR/L